| 000 | 00908nam0a22002651 4500 | ||
|---|---|---|---|
| 001 | rc\4575179 | ||
| 005 | 20130416190558.3 | ||
| 021 |
_aRU _b[59-18737] |
||
| 035 | _a(NLR Aleph) 008653852 | ||
| 090 |
_a9019003 _c9019003 |
||
| 100 | _a20130416d1959 |||y0rusy50 ca | ||
| 101 | 0 | _arus | |
| 102 | _aRU | ||
| 105 | _ay z ||||| | ||
| 200 | 1 |
_aРациональные типы лесовозных дорог и организация их строительства _eСообщение... |
|
| 210 |
_aМосква _cБ. и. _d1959 |
||
| 215 |
_a8 с. _d22 |
||
| 225 | 1 | _aВсесоюзное совещание по транспортному строительству. [Материалы] | |
| 606 |
_aЛесовозные дороги _2psbo |
||
| 700 | 1 |
_aМатейчук _bС. П. |
|
| 801 | 0 |
_aRU _bNLR _gpsbo |
|
| 801 | 1 |
_aRU _bELAR _2rusmarc |
|
| 852 |
_aNLR _j59-6/3142 |
||
| 942 | _cBOOK | ||
| 980 | _aNB | ||